Hauptstädte erraten 2 - Statistiken

Allgemein
  • Dieses Quiz wurde 97 mal gespielt
  • Das Durchschnittsergebnis liegt bei 11 aus 15
Antwortstatistiken
Frage Antwort % Korrekt
Die Hauptstadt von Ecuador ist? Quito
100%
Die Hauptstadt von der Slowakei ist? Bratislava
96%
Die Hauptstadt von Katar ist? Doha
94%
Die Hauptstadt von Liechtenstein ist? Vaduz
92%
Die Hauptstadt der Philippinen ist? Manila
83%
Die Hauptstadt von der Dominikanischen Republik ist? Santo Domingo
82%
Die Hauptstadt vom Kosovo ist? Pristina
81%
Die Hauptstadt von Barbados ist? Bridgetown
76%
Die Hauptstadt von Bangladesch ist? Dhaka
76%
Die Hauptstadt von Papua-Neuguinea Ist? Port Moresby
75%
Die Hauptstadt von Kirgisistan ist? Bischkek
70%
Die Hauptstadt der Seychellen ist? Victoria
61%
Die Hauptstadt von Mali ist? Bamako
55%
Die Hauptstadt von Tansania ist? Dodoma
51%
Die Hauptstadt von Samoa ist? Apia
49%
Keine übereinstimmenden Quizze gefunden
Verteilung der Resultate
Anzahl Personen mit jedem Resultat
Perzentil nach korrekt beantworteten Fragen
Ihre Resultats-Entwicklung
Sie haben dieses Quiz noch nicht gespielt